Les 51 stades de Ligue 1 depuis 2002 - Statistiques

Statistiques générales
  • Ce quiz a été pris 424 fois
    131 depuis la dernière actualisation
  • Le résultat moyen est 27 sur 51
Statistiques - réponses
Club Stade Capacité % Correct
Olympique de Marseille Stade Vélodrome 67.394
100%
Paris Saint-Germain Parc des Princes 48.583
99%
Toulouse FC Stadium de Toulouse 33.150
92%
Olympique Lyonnais Stade de Gerland 35.029
89%
FC Nantes Stade de la Beaujoire 35.322
88%
Olympique Lyonnais Parc Olympique Lyonnais 59.186
87%
Lille OSC Stade Pierre-Mauroy 50.157
86%
AS Saint-Etienne Stade Geoffroy-Guichard 41.965
82%
AS Monaco Stade Louis II 18.523
82%
Girondins de Bordeaux Matmut-Atlantique 42.115
78%
RC Strasbourg Stade de la Meinau 26.280
78%
Stade Rennais Roazhon Park 29.778
76%
RC Lens Stade Bollaert-Delelis 38.058
76%
Le Havre Stade Océane 26.179
76%
OGC Nice Allianz Riviera 36.178
72%
Girondins de Bordeaux Stade Chaban-Delmas 33.290
66%
Amiens SC Stade de la Licorne 13.000
66%
FC Lorient Stade du Moustoir 18.970
66%
FC Metz Stade Saint-Symphorien 30.000
66%
Montpellier HSC Stade de la Mosson 22.000
64%
SCO Angers Stade Raymond-Kopa 19.800
64%
EA Guingamp Stade du Roudourou 19.060
63%
AJ Auxerre Stade de l'Abbé-Deschamps 18.541
61%
SC Bastia Stade Armand-Cesari 16.048
59%
Stade Brestois Stade Francis-Le Blé 15.220
59%
Grenoble F38 Stade des Alpes 20.068
56%
ESTAC Troyes Stade de l'Aube 20.300
55%
OGC Nice Stade du Ray 17.415
55%
Stade de Reims Stade Auguste-Delaune 21.029
54%
Paris FC Stade Jean-Bouin 19.607
52%
AS Nancy Stade Marcel-Picot 20.087
47%
Nîmes Olympique Stade des Costières 15.788
45%
Istres FC Stade des Costières 15.788
45%
SM Caen Stade Michel-d'Ornano 20.200
40%
FC Sochaux Stade Auguste-Bonal 20.005
39%
Clermont F63 Stade Gabriel-Montpied 12.768
36%
Dijon FCO Stade Gaston-Gérard 18.376
36%
Valenciennes FC Stade du Hainaut 24.926
35%
Le Mans FC MMArena 25.064
33%
US Boulogne Stade de la Libération 9.534
19%
AC Ajaccio Stade Michel-Moretti 10.660
19%
Évian Thonon-Gaillard Parc des Sports d'Annecy 15.600
18%
Lille OSC Stadium Lille Métropole 18.500
18%
CS Sedan Stade Louis-Dugauguez 24.389
17%
Valenciennes FC Stade Nungesser 16.547
16%
Le Havre Stade Jules-Deschaseaux 16.382
15%
Lille OSC Stade Grimonprez-Jooris 17.000
13%
Le Mans FC Stade Léon Bollée 17.801
13%
Gazélec Ajaccio Stade Ange Casanova 4.167
9%
Istres FC Stade Parsemain 12.500
9%
AC Arles Avignon Parc des Sports d'Avignon 17.129
8%
Aucun quiz correspondant
Distribution des résultats
% des personnes avec chaque résultat
Percentile par nombre de réponses
Votre historique - résultats
Vous n’avez pas pris ce quiz depuis la dernière actualisation